1688 1352 1896 1733 1146 1887 1492 1364 1145 1714 1525 1647 1502 1546 1913 1815 1395 1584 1416 1657 1831 1490 1761 1760 1792 1139 1257 1497 1768 1660 1292 1281 1642 1979 1182 1620 1179 1336 1965 1846 1570 1071 1771 1587 1613 1219 1721 1593 1366 1419 1207 1562 1149 1326 1995 1870 1156 1392 1510 1465 1224 1029 1184 1307 1194 1098 1766 1790 1558 1029 1287 1116 1840 1371 1487 1474 1520 1657 1125 1254 1690 1722 1013 1372 1627 1123 1299 1359 1749 1489 1566 1948 1465 1791 1568 1911 1398 1715 1143 BCNSPRNW ULIB Ver.6.0+V

เปลี่ยนเป็นภาษาไทย

Change to English
 แสดงรายละเอียดบรรณานุกรม
  กลับหน้าหลัก

Brief Record : Get Marc (ISO 2709) : E-mail record : QR code < ปิดหน้าต่าง
LEADER : 00000nam 2200000uu 4500
001    13399120831
003     ULIB
008    121018s2552||||th 000 0 tha d
020    ^a9786169001218
050  4 ^aBQ1173^bธ352พ 2552
100 0  ^aธรรมรักษา
245 10 ^aพระไตรปิฎก ฉบับเก็บตก/^cธรรมรักษา
250    ^aพิมพ์ครั้งที่ 2
260    ^aกรุงเทพฯ :^bรุ่งแสงการพิมพ์,^c2552
300    ^a260หน้า
650  7 ^aพระไตรปิฎก
945    ^p0^l0^i17691
995    ^aกัณชพร
999 ^a ใช้งานได้ทุกระบบ
รายการนี้ยังไม่มีแท็ก
คุณยังไม่ได้ล็อกอิน คุณสามารถมีกิจกรรมร่วมกับเว็บไซต์ได้ แต่ต้องล็อกอินก่อน ::
  ล็อกอิน

รายการสื่อสารสนเทศ

ลำดับที่ ประเภท เลขเรียก/บาร์โค้ด สถานที่ สถานะ
1. วิทยาศาสตร์การแพทย์ และสุขภาพ
วิทยาศาสตร์การแพทย์ และสุขภาพ
BQ1173 ธ352พ 2552  
  Barcode: 17691
ห้องสมุดวิทยาเขตสวรรค์ประชารักษ์
►หนังสือทั่วไป
บนชั้น

รายการใกล้เคียง
    ผู้แต่ง [ธรรมรักษา]

    หัวเรื่อง [พระไตรปิฎก]

BibComment


ยังไม่เคยถูกคอมเมนท์

คอมเมนท์ทรัพยากรรายการนี้
  คอมเมนท์: พระไตรปิฎก ฉบับเ..


 Copyright 2026. Bcnsprnw @Library